00377nam a2200145Ia 4500008004100000020001500041041001200056082001600068100001600084245005100100260003900151300000800190650001600198700001700214221030s9999 xx 000 0 und d a8120300807 aEnglish a105.23bDek aV. S. Bagad 0aComputer Networkcby V. S. Bagad, I. A. Dhotre bTechnical PublicationsaPunec2000 a208 aBE Computer aI. A. Dhotre